000 00814nam a2200193 a 4500
003 0
005 20250624082935.0
008 021118s19uu xx 00 eng d
050 _aPHS LB 1028.5
_b.L35 1999
100 _aLais, Michael Nino Suryadi P.
245 _aEffectiveness of CAI facility on Southville students /
_cMichael Nino Suryadi P. Lais.
260 _aLas PiƱas City, Philippines :
_bSouthville International School and Colleges,
_c1999.
300 _aunnumbered pages :
_billustrations ;
_c28 cm.
650 _aComputer-assisted instruction
_zPhilippines
_xEvaluation.
650 _aComputer-assisted instruction
_xEffectiveness.
650 _aEducation
_xEffect of technological innovations
_zPhilippines.
650 _aLearning
_xEffect of technological innovations
_zPhilippines.
942 _2lcc
_cPASS
999 _c96229
_d96229